| 000 | 00381nam a2200145Ia 4500 | ||
|---|---|---|---|
| 008 | 230917s9999||||xx |||||||||||||| ||und|| | ||
| 040 |
_e39224 _aMAIN |
||
| 041 | _aEnglish | ||
| 082 | _a954.5 G869E | ||
| 100 | _aGrey, C | ||
| 245 | 0 | _aEuropean adventurers of Northern India, 1785 to 1849 | |
| 260 |
_aLahore _bGovernment of Punjab _c1929 |
||
| 300 | _aiii, 361 p. | ||
| 942 | _cBK | ||
| 999 |
_c215763 _d215763 |
||